000 00410nam a2200121Ia 4500
008 220615s9999||||xx |||||||||||||| ||und||
100 _aMackay, Anita
245 0 _aTowards Human Rights Compliance in Australian Prisons
546 _aEnglish[eng]
650 _ahuman rights||prisons||OPCAT||international law||Mackay
856 _uhttps://library.oapen.org/bitstream/20.500.12657/43143/1/book.pdf
942 _cEB
999 _c15094
_d15094